Guess The Beck Albums by Lyrics - Statistics

General Stats
  • This quiz has been taken 5 times
  • The average score is 6 of 8
Answer Stats
Hint Answer % Correct
"Que onda ______? Manos blancos roll with crowbars" Guero
100%
"____________, I'm stranded with nothing" Modern Guilt
80%
"Just passing through _________" Odelay
80%
"Feel the __________, tell me, do you feel alive?" Colors
60%
"In ___________ electric light is in my brain" Hyperspace
60%
"I was out of mayonnaise. Well, you been living _____________" One Foot In The Grave
60%
"Drown, drown. Sailors run aground. In a __________ nothing is safe" Sea Change
60%
"___________ is laughing at us" The Information
60%
No matching quizzes found
Score Distribution
Percent of People with Each Score
Percentile by Number Answered
Your Score History
You have not taken this quiz